000 00486nam a2200193Ia 4500
003 GCL
008 140319s9999 xx 000 0 eng d
040 _aGCL /
_cGCL
082 0 4 _a780.92
_bS J
100 1 _aSHAPIRO, HARRY
245 1 0 _aJIMI HENDRIX: ELECTRIC GYPSY /
_cSHAPIRO, HARRY
700 1 _aGLEBBEEK, CAESAR
260 _a[S.N] :
_bMANDARIN ،
_c1995
650 0 4 _aMUSIC - BIOGRAPHY
650 0 4 _aHENDRIX, JIMI
650 0 4 _aARTS
650 0 4 _aSINGERS
942 _2ddc
_cBK
999 _c14081
_d14081